Faculty of Law Library — Cairo University

Official Online Catalog

المشكلات العملية الهامة في الإجراءات الجنائية. (Record no. 38316)

MARC details
000 -LEADER
fixed length control field 01450nam a2200337 4500
003 - CONTROL NUMBER IDENTIFIER
control field EG-GICUC
005 - DATE AND TIME OF LATEST TRANSACTION
control field 20260121101100.0
008 - FIXED-LENGTH DATA ELEMENTS--GENERAL INFORMATION
fixed length control field 251028s1972 ua ||||fr|||| 000 0 ara d
017 ## - COPYRIGHT OR LEGAL DEPOSIT NUMBER
Copyright or legal deposit number 19724312
040 ## - CATALOGING SOURCE
Original cataloging agency EG-GICUC
Language of cataloging ara
Transcribing agency EG-GICUC
Modifying agency EG-GICUC
Description conventions rda
041 0# - LANGUAGE CODE
Language code of text/sound track or separate title ara
082 04 - DEWEY DECIMAL CLASSIFICATION NUMBER
Edition number 21
Classification number 343.314
Item number ر ء . م
092 04 - LOCALLY ASSIGNED DEWEY CALL NUMBER (OCLC)
Edition number 21
099 ## - LOCAL FREE-TEXT CALL NUMBER (OCLC)
Classification number Law1 10 343.314 ر ء . م 1
100 0# - MAIN ENTRY--PERSONAL NAME
Personal name رؤوف عبيد.
Relator term مؤلف.
245 12 - TITLE STATEMENT
Title المشكلات العملية الهامة في الإجراءات الجنائية.
Number of part/section of a work الجزء الأول /
Statement of responsibility, etc. تاليف الدكتور رؤوف عبيد.
250 ## - EDITION STATEMENT
Edition statement طبعة ثانية.
264 #1 - PRODUCTION, PUBLICATION, DISTRIBUTION, MANUFACTURE, AND COPYRIGHT NOTICE
Place of production, publication, distribution, manufacture القاهرة :
Name of producer, publisher, distributor, manufacturer دار الفكر العربي،
Date of production, publication, distribution, manufacture, or copyright notice [غيرمحدد].
300 ## - PHYSICAL DESCRIPTION
Extent 771 صفحة :
Other physical details صفحات غير مرقمة ؛
Dimensions 24 سم.
336 ## - CONTENT TYPE
Source rda content
Content type term text
337 ## - MEDIA TYPE
Source rda media
Media type term Computer
338 ## - CARRIER TYPE
Source rda carrier
Carrier type term Online Resource
504 ## - BIBLIOGRAPHY, ETC. NOTE
Bibliography, etc. note يشتمل على إرجاعات ببليوجرافية.<br/><br/>
505 ## - FORMATTED CONTENTS NOTE
Formatted contents note دراسات في تكييف الواقعة. القبض و التفتيش. حق الدفاع.<br/>استظهار قصد القتل . دعوي البلاغ الكاذب. الدعوة المدنية.
546 ## - LANGUAGE NOTE
Language note النص باللغة العربية
650 1# - SUBJECT ADDED ENTRY--TOPICAL TERM
Topical term or geographic name entry element ذاتية الإجراءات الجنائية
Source of heading or term qrmak
651 1# - SUBJECT ADDED ENTRY--GEOGRAPHIC NAME
Source of heading or term qrmak
856 40 - ELECTRONIC LOCATION AND ACCESS
Uniform Resource Identifier <a href="https://fll.law.cu.edu.eg/fulltext/bks/B10-05420.pdf">https://fll.law.cu.edu.eg/fulltext/bks/B10-05420.pdf</a>
905 ## - Cataloger and Reviser Names
Cataloger Name:
942 ## - ADDED ENTRY ELEMENTS (KOHA)
Source of classification or shelving scheme Dewey Decimal Classification
Suppress in OPAC No
Koha item type Books
Edition 21
Holdings
Withdrawn status Lost status Source of classification or shelving scheme Damaged status Not for loan Collection Home library Current library Date acquired Total checkouts Full call number Barcode Date last seen Copy number Price effective from Koha item type Materials specified (bound volume or other part)
    Dewey Decimal Classification   Not for loan القانون الجنائي جــــامعة القــاهرة مكتبة كلية الحقوق - المبنى الرئيسي 28.10.2025   Law1 10 343.314 2 ed - [1972]ر ء . م 1005420 V1, C1 B10-05420 28.10.2025 1 28.10.2025 Books  
    Dewey Decimal Classification     القانون الجنائي جــــامعة القــاهرة مكتبة كلية الحقوق - المبنى الرئيسي 01.02.2026   Law1 10 343.314 ر ء . م 2 ed - 1972 1005277 V1, C2 B10-05277 01.02.2026 2 01.02.2026 Books V1

© All rights reserved — Faculty of Law, Cairo University